01648nam a2200409Ii 4500001001600000003000800016008004100024006001900065007001500084035002200099040003100121020002500152020001800177050002000195100003800215245010300253264005700356300002300413336002600436337002600462338003600488347002100524347000900545500002000554588008500574600004500659600003800704700005700742791003600799793005400835776014100889856007201030910002901102942000801131952008001139999001901219DIGLIBASTRD0142NyNyDIG221025s2015 sp o 001 0 spa dm o d cr ||||||||||| a(OCoLC)1379476289 aDGITAbengerdaepncDGITA a9788416213313qeBook z978841621322114aN6679.R49 ebook1 aReyes, Emma,d1919-2003,eauthor.10aMemoria por correspondencia :buna mujer de recursos /cEmma Reyes ; prólogo de Leila Guerriero. 1aBarcelona, España :bLibros del Asteroide,c[2015] a1 online resource. atextbtxt2rdacontent acomputerbc2rdamedia aonline resourcebcr2rdacarrier atext file2rdaft bEPUB aIncludes index.0 aOnline resource; title from ePub title page (Digitalia, viewed October 25, 2022)10aReyes, Emma,d1919-2003vCorrespondence.10aArciniegas, Germán,d1900-1999.1 aGuerriero, Leila,d1967-econtributor agent of text.2 aDigitalia (Firm),edistributor.0 gDigitalia eBook Collection:aLibros del Asteroide08iPrint version:aReyes, Emma, 1919-2003.tMemoria por correspondencia.dBarcelona, España : Libros del Asteroide, [2015]z9788416213221403Digitalia Hispánicauhttps://www.digitaliapublishing.com/a/50583/ aPremium collection: 2022 cRAA 001040708DEHaBD-UINbBD-UINd2025-04-25l0r2025-04-25w2025-04-25yRAA c251826d251826